000 00665nam0a22002531 4500
001 RU\NLR\INFOCOMM10\ROSSICA\1000028810
005 20250613192513.0
035 _a(NLR Aleph) 009952905
090 _a10791018
_c10791018
100 _a20030922d1881 |||y0rusy50 ca
101 0 _ager
102 _aRU
105 _ay ||||000ay
200 1 _aDas Professoren-Institut in Dorpat
_e1827-1838
_fSchmid, Georg
210 _aSt.Petersburg
_d1881
215 _d
700 1 _aSchmid
_bG.
_gGeorg
_4070
801 1 _aRU
_bInfoComm
_c20030922
801 0 _aRU
_bNLR
_gPSBO
852 _aNLR
_j12.43.3.1800
942 _cBOOK
980 _aNB
980 _aRossica